00997cam a2200277 a 450000100060000000300080000600500170001400800390003102000170007002000240008703500190011104000390013004100080016908200260017724501180020326000310032130000340035250400500038665000300043670000330046670000240049970000220052394200120054599900170055795201450057415924BD-RjUL20211208235919.0140211t1983 enka b 001 0 eng a0471900141 : a047190015X (pbk.) : a(BD-RjUL)15979 aDLCcDLCdDLCdOCoLCdBD-RjULbeng aeng00a658.301219bMAN 198300aManpower planning :bstrategy and techniques in an organizational context /cedited by John Edwards ... [et al.]. aNew York :bWiley,cc1983. avii, 208 p. :bill. ;c24 cm. aIncludes bibliographical reference and index. 0aManpower planning.9493551 aEdwards, John,d1952-9488651 aLeek, chris,9493561 aLoveridge.949357 2ddccBK c15924d15924 00102ddc40718NFICaRUCLbRUCLcReadingd1990-01-14eAbacus, Londong49.95l0o658.301 MAN 1983r2014-02-11 00:00:00tC-1w2014-02-11yBK